[Event "DSJ Weihnachtsturnier U16: Lasker 2020"]
[Site ""]
[Date "2020.12.28"]
[Round "4"]
[White "Hoffmann, Alexander"]
[Black "Mund, Raphael"]
[Result "1-0"]
[Termination "normal"]
[Board "13.3"]
[WhiteElo "1554"]
[BlackElo "1128"]
[WhiteTeam "Karlsruher SF 1853 2"]
[BlackTeam "SC 1951 Nordhausen"]
[PlyCount "87"]
[WhiteFideId "16240219"]
[BlackFideId "34667164"]
[EventRounds "7"]
[EventType "team-swiss"]
[EventDate "2020.12.28"]

1. e4 {[%emt 0:00:03]} e5 {[%emt 0:00:03]} 2. Nc3 {[%emt 0:00:05]} Nf6 { [%emt
0:00:03]} 3. f4 {[%emt 0:00:12]} exf4 {[%emt 0:00:05]} 4. e5 {[%emt 0:00:02]}
Ng8 {[%emt 0:00:17]} 5. Nf3 {[%emt 0:00:03]} Nc6 {[%emt 0:00:06]} 6. d4 { [%emt
0:00:02]} d5 {[%emt 0:00:24]} 7. Bxf4 {[%emt 0:00:05]} Qe7 {[%emt 0:00:29]} 8.
g3 {[%emt 0:00:08]} Bg4 {[%emt 0:00:24]} 9. Bg2 {[%emt 0:00:03]} f6 { [%emt
0:00:18]} 10. Nxd5 {[%emt 0:00:09]} Qd7 {[%emt 0:00:16]} 11. Nc3 { [%emt
0:01:09]} Nxd4 {[%emt 0:00:36]} 12. O-O {[%emt 0:00:14]} Bc5 {[%emt 0:00:46]}
13. Kh1 {[%emt 0:00:10]} O-O-O {[%emt 0:00:22]} 14. Ne4 {[%emt 0:01:00]} Bb6
{[%emt 0:00:47]} 15. exf6 {[%emt 0:00:24]} Nxf6 {[%emt 0:00:15]} 16. Nxf6 {
[%emt 0:00:02]} gxf6 {[%emt 0:00:06]} 17. Qd3 {[%emt 0:00:39]} Bf5 {[%emt
0:00:28]} 18. Qd2 {[%emt 0:00:52]} Rhe8 {[%emt 0:00:52]} 19. Nxd4 {[%emt
0:00:40]} Bxd4 {[%emt 0:00:21]} 20. c3 {[%emt 0:00:14]} Bb6 {[%emt 0:00:23]}
21. Qxd7+ { [%emt 0:00:05]} Rxd7 {[%emt 0:00:04]} 22. Bxc7 {[%emt 0:00:06]}
Bxc7 {[%emt 0:00:16]} 23. Rxf5 {[%emt 0:00:03]} Rde7 {[%emt 0:00:37]} 24. Rxf6
{[%emt 0:00:54]} Re1+ {[%emt 0:00:16]} 25. Rxe1 {[%emt 0:00:04]} Rxe1+ {[%emt
0:00:05]} 26. Rf1 {[%emt 0:00:02]} Rxf1+ {[%emt 0:00:04]} 27. Bxf1 {[%emt
0:00:03]} Kd7 { [%emt 0:00:09]} 28. Kg2 {[%emt 0:00:11]} Kc6 {[%emt 0:00:16]}
29. Kf3 {[%emt 0:00:06]} Kc5 {[%emt 0:00:07]} 30. h4 {[%emt 0:00:13]} Kd6
{[%emt 0:00:12]} 31. h5 {[%emt 0:00:03]} Bd8 {[%emt 0:00:12]} 32. Kg4 {[%emt
0:00:17]} Ke6 {[%emt 0:00:14]} 33. h6 {[%emt 0:00:13]} Kf6 {[%emt 0:00:08]} 34.
Bd3 {[%emt 0:00:04]} Bc7 {[%emt 0:00:12]} 35. Bxh7 {[%emt 0:00:03]} Kf7 {[%emt
0:00:26]} 36. Be4 { [%emt 0:00:07]} Be5 {[%emt 0:00:07]} 37. Bxb7 {[%emt
0:00:04]} Bh8 {[%emt 0:00:04]} 38. Kg5 {[%emt 0:00:06] Nordhaus003 offers a
draw} Kg8 {[%emt 0:00:10]} 39. Kg6 {[%emt 0:00:05]} a5 {[%emt 0:00:06]} 40. c4
{[%emt 0:00:12]} Bxb2 { [%emt 0:00:09]} 41. c5 {[%emt 0:00:01]} Bh8 {[%emt
0:00:04]} 42. c6 {[%emt 0:00:01]} Bb2 {[%emt 0:00:02]} 43. c7 {[%emt 0:00:02]}
Bc3 {[%emt 0:00:04]} 44. c8=Q# {[%emt 0:00:02]} 1-0

[Event "DSJ Weihnachtsturnier U16: Lasker 2020"]
[Site ""]
[Date "2020.12.28"]
[Round "4"]
[White "Schiebeck, Matteo"]
[Black "Kossert, Simon"]
[Result "1-0"]
[Termination "normal"]
[Board "13.4"]
[WhiteElo "960"]
[BlackElo "1299"]
[WhiteTeam "SC 1951 Nordhausen"]
[BlackTeam "Karlsruher SF 1853 2"]
[PlyCount "137"]
[BlackFideId "16283287"]
[EventRounds "7"]
[EventType "team-swiss"]
[EventDate "2020.12.28"]

1. e4 {[%emt 0:00:08]} c5 {[%emt 0:00:02]} 2. Bc4 {[%emt 0:00:09]} e6 {[%emt
0:00:09]} 3. Nf3 {[%emt 0:00:12]} d5 {[%emt 0:00:09]} 4. exd5 {[%emt 0:00:10]}
exd5 {[%emt 0:00:02]} 5. Bb5+ {[%emt 0:00:04]} Bd7 {[%emt 0:00:20]} 6. Bxd7+ {
[%emt 0:00:11]} Nxd7 {[%emt 0:00:00]} 7. O-O {[%emt 0:00:06]} Ngf6 {[%emt
0:00:07]} 8. Re1+ {[%emt 0:00:18]} Be7 {[%emt 0:00:05]} 9. d4 {[%emt 0:00:16]}
O-O { [%emt 0:01:15]} 10. dxc5 {[%emt 0:00:16]} Bxc5 {[%emt 0:00:04]} 11. Bg5 {
[%emt 0:00:08]} h6 {[%emt 0:00:15]} 12. Bh4 {[%emt 0:00:12]} Rc8 {[%emt
0:01:40]} 13. Nc3 {[%emt 0:00:19]} Bb4 {[%emt 0:00:37]} 14. a3 {[%emt 0:00:09]}
Bxc3 {[%emt 0:00:04]} 15. bxc3 {[%emt 0:00:06]} Rxc3 {[%emt 0:00:15]} 16. Qd2 {
[%emt 0:00:46]} Rc6 {[%emt 0:00:25]} 17. Rab1 {[%emt 0:00:12]} b6 {[%emt
0:00:11]} 18. Nd4 {[%emt 0:00:11]} Rc4 {[%emt 0:00:41]} 19. Bxf6 {[%emt
0:00:32]} Nxf6 {[%emt 0:00:10]} 20. Nf5 {[%emt 0:01:01]} Re8 {[%emt 0:01:06]}
21. Rxe8+ { [%emt 0:00:10]} Qxe8 {[%emt 0:00:02]} 22. Re1 {[%emt 0:00:06]} Re4
{[%emt 0:00:59]} 23. Rxe4 {[%emt 0:00:50]} Qxe4 {[%emt 0:00:10]} 24. Ne3 {[%emt
0:00:20]} d4 {[%emt 0:00:53]} 25. Nc4 {[%emt 0:00:25]} Nd5 {[%emt 0:00:14]} 26.
Nd6 { [%emt 0:00:19]} Qe5 {[%emt 0:00:03]} 27. Nc4 {[%emt 0:00:17]} Qe4 {[%emt
0:00:02]} 28. h3 {[%emt 0:00:11]} b5 {[%emt 0:00:05]} 29. Nd6 {[%emt 0:00:17]}
Qf4 { [%emt 0:00:02]} 30. Qxf4 {[%emt 0:00:26]} Nxf4 {[%emt 0:00:00]} 31. Nxb5
{ [%emt 0:00:03]} Ne6 {[%emt 0:00:02]} 32. Nxa7 {[%emt 0:00:03]} f5 {[%emt
0:00:01]} 33. Nb5 {[%emt 0:00:05]} Kf7 {[%emt 0:00:00]} 34. a4 {[%emt 0:00:02]}
Kf6 {[%emt 0:00:00]} 35. Nd6 {[%emt 0:00:15]} Ke5 {[%emt 0:00:00]} 36. Nf7+ {
[%emt 0:00:22]} Ke4 {[%emt 0:00:10]} 37. a5 {[%emt 0:00:04]} Nc5 {[%emt
0:00:02]} 38. Nd6+ {[%emt 0:00:06]} Kd5 {[%emt 0:00:01]} 39. Nxf5 {[%emt
0:00:06]} Kc4 {[%emt 0:00:01]} 40. h4 {[%emt 0:00:07]} Kc3 {[%emt 0:00:01]} 41.
g3 { [%emt 0:00:05]} Ne4 {[%emt 0:00:01]} 42. a6 {[%emt 0:00:08]} Nc5 {[%emt
0:00:03]} 43. a7 {[%emt 0:00:04]} Kxc2 {[%emt 0:00:03]} 44. Nxd4+ {[%emt
0:00:07]} Kc3 {[%emt 0:00:07]} 45. Nf5 {[%emt 0:00:04]} Nd3 {[%emt 0:00:02]}
46. a8=Q { [%emt 0:00:09]} Nb4 {[%emt 0:00:01]} 47. Nxg7 {[%emt 0:00:04]} Kd2
{[%emt 0:00:01]} 48. Qf3 {[%emt 0:00:06]} Nc2 {[%emt 0:00:07]} 49. Qf4+ {[%emt
0:00:04]} Kc3 {[%emt 0:00:04]} 50. Qc7+ {[%emt 0:00:04]} Kd2 {[%emt 0:00:02]}
51. Kf1 { [%emt 0:00:05]} Kc1 {[%emt 0:00:04]} 52. Qa5 {[%emt 0:00:04]} Kb2
{[%emt 0:00:00]} 53. Qb5+ {[%emt 0:00:03]} Kc3 {[%emt 0:00:01]} 54. Nf5 {[%emt
0:00:03]} Kd2 {[%emt 0:00:03]} 55. Nd4 {[%emt 0:00:04]} Kc3 {[%emt 0:00:01]}
56. Qb3+ { [%emt 0:00:03]} Kxd4 {[%emt 0:00:03]} 57. Qxc2 {[%emt 0:00:03]} Kd5
{[%emt 0:00:02]} 58. Qa4 {[%emt 0:00:02]} Ke5 {[%emt 0:00:01]} 59. Ke2 {[%emt
0:00:03]} Kd5 {[%emt 0:00:02]} 60. Ke3 {[%emt 0:00:01]} Ke5 {[%emt 0:00:01]}
61. Qa5+ { [%emt 0:00:03]} Ke6 {[%emt 0:00:02]} 62. Kf4 {[%emt 0:00:02]} Kf6
{[%emt 0:00:02]} 63. Qa6+ {[%emt 0:00:04]} Kg7 {[%emt 0:00:02]} 64. Kf5 {[%emt
0:00:03]} Kf7 {[%emt 0:00:01]} 65. Qa7+ {[%emt 0:00:04]} Kg8 {[%emt 0:00:04]}
66. Kf6 { [%emt 0:00:02]} Kh8 {[%emt 0:00:07]} 67. Kg6 {[%emt 0:00:03]} h5
{[%emt 0:00:06]} 68. f3 {[%emt 0:00:03]} Kg8 {[%emt 0:00:04]} 69. Qa8# {[%emt
0:00:02]} 1-0

[Event "DSJ Weihnachtsturnier U16: Lasker 2020"]
[Site ""]
[Date "2020.12.28"]
[Round "4"]
[White "Ramien, Hannah"]
[Black "Kolkmann, Tom"]
[Result "1-0"]
[Termination "time forfeit"]
[Board "14.1"]
[WhiteElo "1396"]
[BlackElo "1560"]
[WhiteTeam "Schachgemeinschaft Porz 2"]
[BlackTeam "Rhedaer Schachverein von 1931"]
[PlyCount "49"]
[WhiteFideId "16209982"]
[BlackFideId "34607013"]
[EventRounds "7"]
[EventType "team-swiss"]
[EventDate "2020.12.28"]

1. e4 {[%emt 0:00:04]} e5 {[%emt 0:00:03]} 2. Nf3 {[%emt 0:00:02]} Nc6 { [%emt
0:00:02]} 3. Bc4 {[%emt 0:00:02]} Bc5 {[%emt 0:00:02]} 4. c3 {[%emt 0:00:02]}
Nf6 {[%emt 0:00:08]} 5. d3 {[%emt 0:00:02]} d6 {[%emt 0:00:06]} 6. Nbd2 { [%emt
0:00:05]} Be6 {[%emt 0:00:43]} 7. Bb3 {[%emt 0:00:03]} O-O {[%emt 0:00:13]} 8.
O-O {[%emt 0:00:10]} Qd7 {[%emt 0:00:21]} 9. Re1 {[%emt 0:00:08]} Bg4 { [%emt
0:00:33]} 10. Nf1 {[%emt 0:00:28]} Ne7 {[%emt 0:00:29]} 11. h3 {[%emt 0:00:08]}
Bh5 {[%emt 0:00:42]} 12. Ng3 {[%emt 0:00:03]} Ng6 {[%emt 0:00:42]} 13. Bg5
{[%emt 0:00:21]} Nf4 {[%emt 0:00:58]} 14. Bxf6 {[%emt 0:02:04]} gxf6 { [%emt
0:00:03]} 15. Nxh5 {[%emt 0:00:03]} Nxh5 {[%emt 0:00:10]} 16. Nh4 { [%emt
0:00:12]} Nf4 {[%emt 0:00:23]} 17. Qf3 {[%emt 0:00:15]} Kh8 {[%emt 0:00:34]}
18. Rad1 {[%emt 0:01:43]} Rg8 {[%emt 0:00:17]} 19. d4 {[%emt 0:00:33]} Nxh3+
{[%emt 0:01:03]} 20. Kh2 {[%emt 0:00:25]} Ng5 {[%emt 0:00:18]} 21. Qxf6+ {[%emt
0:00:10]} Rg7 {[%emt 0:00:21]} 22. Nf5 {[%emt 0:00:39]} Rag8 {[%emt 0:00:14]}
23. Nxg7 {[%emt 0:00:23]} Rxg7 {[%emt 0:00:04]} 24. dxc5 {[%emt 0:00:15]} Kg8
{[%emt 0:00:15]} 25. cxd6 {[%emt 0:00:32] TimeB} 1-0

[Event "DSJ Weihnachtsturnier U16: Lasker 2020"]
[Site ""]
[Date "2020.12.28"]
[Round "4"]
[White "Schirneck, Ethan"]
[Black "Kazimov, Alis"]
[Result "1-0"]
[Termination "time forfeit"]
[Board "14.2"]
[WhiteElo "1435"]
[BlackElo "1341"]
[WhiteTeam "Rhedaer Schachverein von 1931"]
[BlackTeam "Schachgemeinschaft Porz 2"]
[PlyCount "59"]
[WhiteFideId "34625593"]
[BlackFideId "16255348"]
[EventRounds "7"]
[EventType "team-swiss"]
[EventDate "2020.12.28"]

1. e4 {[%emt 0:00:09]} e5 {[%emt 0:00:07]} 2. Nf3 {[%emt 0:00:03]} Nc6 { [%emt
0:00:08]} 3. Bc4 {[%emt 0:00:03]} Bc5 {[%emt 0:01:12]} 4. d3 {[%emt 0:00:05]}
d6 {[%emt 0:00:07]} 5. Nc3 {[%emt 0:00:07]} Nf6 {[%emt 0:00:04]} 6. Bg5 { [%emt
0:00:02]} h6 {[%emt 0:00:12]} 7. Be3 {[%emt 0:00:05]} Bxe3 {[%emt 0:00:06]} 8.
fxe3 {[%emt 0:00:01]} O-O {[%emt 0:00:06]} 9. h3 {[%emt 0:00:04]} Na5 { [%emt
0:00:04]} 10. Bb3 {[%emt 0:00:09]} Nxb3 {[%emt 0:00:04]} 11. axb3 { [%emt
0:00:02]} Bd7 {[%emt 0:00:53]} 12. d4 {[%emt 0:00:06]} Qe7 {[%emt 0:00:54]} 13.
Qd3 {[%emt 0:00:18]} a6 {[%emt 0:00:45]} 14. O-O {[%emt 0:00:12]} Bc6 {[%emt
0:00:47]} 15. Rfe1 {[%emt 0:00:13]} Rad8 {[%emt 0:00:53]} 16. Kh1 { [%emt
0:00:25]} Nh7 {[%emt 0:00:25]} 17. Rad1 {[%emt 0:00:28]} Ng5 {[%emt 0:00:36]}
18. Nxg5 {[%emt 0:00:14]} Qxg5 {[%emt 0:00:08]} 19. Rf1 {[%emt 0:00:11]} exd4
{[%emt 0:01:27]} 20. exd4 {[%emt 0:00:37]} Rde8 {[%emt 0:00:25]} 21. d5 { [%emt
0:00:21]} Bd7 {[%emt 0:00:07]} 22. Rf3 {[%emt 0:00:15]} f5 {[%emt 0:00:33]} 23.
Rdf1 {[%emt 0:00:50]} fxe4 {[%emt 0:00:14]} 24. Rxf8+ {[%emt 0:00:08]} Rxf8
{[%emt 0:00:05]} 25. Rxf8+ {[%emt 0:00:02]} Kxf8 {[%emt 0:00:01]} 26. Qxe4
{[%emt 0:00:05]} Qe5 {[%emt 0:00:20]} 27. Qf3+ {[%emt 0:00:05]} Qf5 {[%emt
0:00:02]} 28. Qe3 {[%emt 0:00:14]} Qf1+ {[%emt 0:00:05]} 29. Kh2 {[%emt
0:00:15]} Qf5 {[%emt 0:00:03]} 30. Qa7 {[%emt 0:00:21] TimeB} 1-0

[Event "DSJ Weihnachtsturnier U16: Lasker 2020"]
[Site ""]
[Date "2020.12.28"]
[Round "4"]
[White "Rath, Mark"]
[Black "Rommel, Kevin"]
[Result "0-1"]
[Termination "normal"]
[Board "14.3"]
[WhiteElo "1184"]
[BlackElo "1291"]
[WhiteTeam "Schachgemeinschaft Porz 2"]
[BlackTeam "Rhedaer Schachverein von 1931"]
[PlyCount "38"]
[BlackFideId "34640185"]
[EventRounds "7"]
[EventType "team-swiss"]
[EventDate "2020.12.28"]

1. d4 {[%emt 0:00:26]} e6 {[%emt 0:00:08]} 2. c4 {[%emt 0:00:05]} d5 {[%emt
0:00:12]} 3. Bf4 {[%emt 0:00:09]} dxc4 {[%emt 0:00:07]} 4. e4 {[%emt 0:00:03]}
Nf6 {[%emt 0:00:07]} 5. Nc3 {[%emt 0:00:05]} Bb4 {[%emt 0:00:08]} 6. Bg5 {
[%emt 0:01:05]} c5 {[%emt 0:00:08]} 7. Bxf6 {[%emt 0:00:37]} Qxf6 {[%emt
0:00:11]} 8. Nf3 {[%emt 0:00:06]} Nc6 {[%emt 0:00:10]} 9. a3 {[%emt 0:00:18]}
cxd4 { [%emt 0:00:08]} 10. axb4 {[%emt 0:00:07]} dxc3 {[%emt 0:00:05]} 11. bxc3
{ [%emt 0:00:02]} Qxc3+ {[%emt 0:00:10]} 12. Nd2 {[%emt 0:00:32]} b5 {[%emt
0:00:16]} 13. Rc1 {[%emt 0:00:34]} Qxb4 {[%emt 0:00:17]} 14. g3 {[%emt
0:00:31]} Nd4 {[%emt 0:00:38]} 15. Bg2 {[%emt 0:00:29]} c3 {[%emt 0:00:28]} 16.
Nb1 {[%emt 0:00:17]} c2+ {[%emt 0:00:07]} 17. Kf1 {[%emt 0:00:21]} cxd1=Q+
{[%emt 0:00:08]} 18. Rxd1 {[%emt 0:00:17]} Qc4+ {[%emt 0:00:05]} 19. Ke1 {[%emt
0:00:10]} Qe2# { [%emt 0:01:20]} 0-1

[Event "DSJ Weihnachtsturnier U16: Lasker 2020"]
[Site ""]
[Date "2020.12.28"]
[Round "4"]
[White "Döding, Alexander"]
[Black "Parladi, Berk"]
[Result "1-0"]
[Termination "normal"]
[Board "14.4"]
[WhiteElo "990"]
[BlackElo "1113"]
[WhiteTeam "Rhedaer Schachverein von 1931"]
[BlackTeam "Schachgemeinschaft Porz 2"]
[PlyCount "73"]
[WhiteFideId "34614940"]
[EventRounds "7"]
[EventType "team-swiss"]
[EventDate "2020.12.28"]

1. e4 {[%emt 0:00:28]} e5 {[%emt 0:00:09] .} 2. Nf3 {[%emt 0:00:04]} Nc6 {[%emt
0:00:04] .} 3. Bc4 {[%emt 0:00:06]} Bc5 {[%emt 0:00:04] .} 4. c3 {[%emt
0:00:03]} d6 {[%emt 0:00:07] .} 5. d4 {[%emt 0:00:21]} Bb6 {[%emt 0:00:08] .}
6. O-O {[%emt 0:00:13]} Bg4 {[%emt 0:00:10] .} 7. h3 { [%emt 0:00:23]} Bxf3
{[%emt 0:00:04] .} 8. Qxf3 {[%emt 0:00:03]} Nf6 {[%emt 0:00:12] .} 9. d5 {[%emt
0:00:14]} Ne7 {[%emt 0:00:34] .} 10. Bg5 {[%emt 0:00:11] } Ng6 {[%emt 0:00:19]
.} 11. Nd2 {[%emt 0:00:28]} h6 {[%emt 0:00:05] .} 12. Bxf6 {[%emt 0:00:10]}
gxf6 {[%emt 0:00:06] .} 13. a4 {[%emt 0:00:03]} a5 { [%emt 0:00:23] .} 14. Bb5+
{[%emt 0:00:17]} Ke7 {[%emt 0:01:56] .} 15. Nc4 { [%emt 0:00:38]} Rc8 {[%emt
0:00:35] .} 16. Nxb6 {[%emt 0:00:14]} cxb6 {[%emt 0:00:02] .} 17. Rfd1 {[%emt
0:01:10]} Kf8 {[%emt 0:00:56] .} 18. Qg4 {[%emt 0:00:37]} Kg7 {[%emt 0:00:56]
.} 19. h4 {[%emt 0:00:18]} h5 {[%emt 0:00:04] .} 20. Qg3 {[%emt 0:00:10]} Rg8
{[%emt 0:00:08] .} 21. Be2 {[%emt 0:00:12]} Kh7 { [%emt 0:00:48] .} 22. Qf3
{[%emt 0:00:24]} Nf4 {[%emt 0:00:16] .} 23. g3 { [%emt 0:00:14]} f5 {[%emt
0:00:22] .} 24. exf5 {[%emt 0:00:30]} Nxe2+ {[%emt 0:00:50] .} 25. Qxe2 {[%emt
0:00:11]} Qxh4 {[%emt 0:00:01] .} 26. Kg2 {[%emt 0:00:11]} Rc4 {[%emt 0:00:09]
.} 27. Rh1 {[%emt 0:00:06]} Qe4+ {[%emt 0:00:20] .} 28. Qxe4 {[%emt 0:00:05]}
Rxe4 {[%emt 0:00:01] .} 29. Rxh5+ {[%emt 0:00:04]} Kg7 {[%emt 0:00:01] .
Porz7-004 offers a draw} 30. Rah1 {[%emt 0:00:47]} Kf6 { [%emt 0:00:25] .} 31.
Kf3 {[%emt 0:00:12]} Rxa4 {[%emt 0:00:04] .} 32. Rh7 { [%emt 0:00:38]} b5
{[%emt 0:00:04] .} 33. R1h6+ {[%emt 0:00:04]} Ke7 {[%emt 0:00:12] .} 34. f6+
{[%emt 0:00:03]} Ke8 {[%emt 0:00:01] .} 35. Rh8 {[%emt 0:00:04]} Rf8 {[%emt
0:00:09] .} 36. Rxf8+ {[%emt 0:00:03]} Kxf8 {[%emt 0:00:02] .} 37. Rh8# {[%emt
0:00:02]} 1-0

[Event "DSJ Weihnachtsturnier U16: Lasker 2020"]
[Site ""]
[Date "2020.12.28"]
[Round "5"]
[White "Weihrauch, Jakob"]
[Black "Boder, Jan"]
[Result "0-1"]
[Termination "normal"]
[Board "1.1"]
[WhiteElo "2146"]
[BlackElo "2146"]
[WhiteTeam "Hamburger SK von 1830"]
[BlackTeam "SC ML Kastellaun"]
[PlyCount "134"]
[WhiteFideId "16210115"]
[BlackFideId "16243226"]
[EventRounds "7"]
[EventType "team-swiss"]
[EventDate "2020.12.28"]

1. e4 {[%emt 0:00:07]} c5 {[%emt 0:00:03]} 2. Nc3 {[%emt 0:00:09]} g6 {[%emt
0:00:02]} 3. Nf3 {[%emt 0:00:02]} Bg7 {[%emt 0:00:06]} 4. d4 {[%emt 0:00:01]}
cxd4 {[%emt 0:00:07]} 5. Nxd4 {[%emt 0:00:00]} Nc6 {[%emt 0:00:00]} 6. Be3 {
[%emt 0:00:04]} Nf6 {[%emt 0:00:03]} 7. Bc4 {[%emt 0:00:32]} O-O {[%emt
0:00:03]} 8. Bb3 {[%emt 0:00:03]} a5 {[%emt 0:00:03]} 9. a4 {[%emt 0:00:03]}
Ng4 { [%emt 0:00:03]} 10. Qxg4 {[%emt 0:00:25]} Nxd4 {[%emt 0:00:02]} 11. O-O-O
{ [%emt 0:00:21]} Nxb3+ {[%emt 0:00:03]} 12. cxb3 {[%emt 0:00:01]} d6 {[%emt
0:00:04]} 13. Qe2 {[%emt 0:00:04]} Be6 {[%emt 0:00:06]} 14. Nd5 {[%emt
0:00:04]} f5 {[%emt 0:00:23]} 15. Bb6 {[%emt 0:00:15]} Qd7 {[%emt 0:00:36]} 16.
f3 { [%emt 0:00:19]} fxe4 {[%emt 0:00:06]} 17. fxe4 {[%emt 0:00:52]} Bg4 {[%emt
0:01:10]} 18. Qc4 {[%emt 0:00:05]} Rac8 {[%emt 0:00:34]} 19. Nf6+ {[%emt
0:00:07] } Kh8 {[%emt 0:00:22]} 20. Nxd7 {[%emt 0:00:00]} Rxc4+ {[%emt
0:00:07]} 21. bxc4 {[%emt 0:00:04]} Bxd7 {[%emt 0:00:01]} 22. b3 {[%emt
0:00:09]} Bc6 { [%emt 0:00:10]} 23. Rhe1 {[%emt 0:00:06]} Bc3 {[%emt 0:00:07]}
24. Re2 { [%emt 0:00:07]} Kg7 {[%emt 0:00:11]} 25. Kc2 {[%emt 0:00:03]} Bb4
{[%emt 0:00:04]} 26. Bd4+ {[%emt 0:00:06]} e5 {[%emt 0:01:31]} 27. Bc3 {[%emt
0:00:04]} Bxc3 {[%emt 0:00:35]} 28. Kxc3 {[%emt 0:00:00]} Rf6 {[%emt 0:00:01]}
29. Kd3 { [%emt 0:01:16]} Kf7 {[%emt 0:00:10]} 30. g3 {[%emt 0:00:03]} Rf3+
{[%emt 0:00:22]} 31. Re3 {[%emt 0:00:05]} Rf2 {[%emt 0:00:01]} 32. Rd2 {[%emt
0:00:10]} Rf1 {[%emt 0:00:07]} 33. Ke2 {[%emt 0:00:13]} Rh1 {[%emt 0:00:03]}
34. Rf3+ { [%emt 0:00:08]} Ke7 {[%emt 0:00:05]} 35. Kd3 {[%emt 0:00:13]} Rb1
{[%emt 0:00:10]} 36. Kc3 {[%emt 0:01:08]} Bxe4 {[%emt 0:00:08]} 37. Re3 {[%emt
0:00:02]} Bf5 {[%emt 0:00:47]} 38. h3 {[%emt 0:00:39]} h5 {[%emt 0:00:21]} 39.
g4 { [%emt 0:00:10]} hxg4 {[%emt 0:00:04]} 40. hxg4 {[%emt 0:00:00]} Bxg4
{[%emt 0:00:01]} 41. Red3 {[%emt 0:00:02]} e4 {[%emt 0:00:41]} 42. Rd4 {[%emt
0:00:59]} Bf3 {[%emt 0:00:11]} 43. Rxd6 {[%emt 0:00:07]} e3 {[%emt 0:00:20]}
44. Rd7+ { [%emt 0:00:16]} Ke6 {[%emt 0:00:44]} 45. R2d6+ {[%emt 0:00:16]} Ke5
{[%emt 0:00:03]} 46. Rd3 {[%emt 0:00:21]} e2 {[%emt 0:00:26]} 47. Re7+ {[%emt
0:00:17]} Kf4 {[%emt 0:00:04]} 48. Rde3 {[%emt 0:00:13]} g5 {[%emt 0:00:01]}
49. Kc2 { [%emt 0:00:07]} Ra1 {[%emt 0:00:03]} 50. R3e6 {[%emt 0:00:15]} g4
{[%emt 0:00:01]} 51. Rf7+ {[%emt 0:00:02]} Kg3 {[%emt 0:00:02]} 52. Rfe7 {[%emt
0:00:01]} Kf2 {[%emt 0:00:01]} 53. c5 {[%emt 0:00:11]} g3 {[%emt 0:00:05]} 54.
Kd2 { [%emt 0:00:11]} Rd1+ {[%emt 0:00:02]} 55. Kc2 {[%emt 0:00:01]} e1=Q
{[%emt 0:00:01]} 56. Rxe1 {[%emt 0:00:02]} Rxe1 {[%emt 0:00:00]} 57. Rxe1
{[%emt 0:00:01]} Kxe1 {[%emt 0:00:00]} 58. Kd3 {[%emt 0:00:00]} g2 {[%emt
0:00:01]} 59. Ke3 {[%emt 0:00:00]} Bc6 {[%emt 0:00:02]} 60. Kd3 {[%emt
0:00:00]} g1=Q {[%emt 0:00:00]} 61. Kc4 {[%emt 0:00:01]} Qf1+ {[%emt 0:00:02]}
62. Kc3 {[%emt 0:00:02]} Qf3+ {[%emt 0:00:01]} 63. Kb2 {[%emt 0:00:02]} Kd2
{[%emt 0:00:03]} 64. Ka3 { [%emt 0:00:01]} Qf1 {[%emt 0:00:07]} 65. b4 {[%emt
0:00:03]} Kc2 {[%emt 0:00:01]} 66. bxa5 {[%emt 0:00:03]} Qd3+ {[%emt 0:00:01]}
67. Kb4 {[%emt 0:00:02]} Qb3# {[%emt 0:00:01]} 0-1

[Event "DSJ Weihnachtsturnier U16: Lasker 2020"]
[Site ""]
[Date "2020.12.28"]
[Round "5"]
[White "Ohler, Julius"]
[Black "Garner, Isaac"]
[Result "0-1"]
[Termination "normal"]
[Board "1.2"]
[WhiteElo "2010"]
[BlackElo "2095"]
[WhiteTeam "SC ML Kastellaun"]
[BlackTeam "Hamburger SK von 1830"]
[PlyCount "80"]
[WhiteFideId "16238982"]
[BlackFideId "16239261"]
[EventRounds "7"]
[EventType "team-swiss"]
[EventDate "2020.12.28"]

1. d4 {[%emt 0:00:13]} Nf6 {[%emt 0:00:08]} 2. c4 {[%emt 0:00:03]} e6 {[%emt
0:00:11]} 3. Nf3 {[%emt 0:00:02]} d5 {[%emt 0:00:03]} 4. Nc3 {[%emt 0:00:03]}
dxc4 {[%emt 0:00:02]} 5. e3 {[%emt 0:00:02]} a6 {[%emt 0:00:01]} 6. Bxc4 {
[%emt 0:00:01]} b5 {[%emt 0:00:02]} 7. Bd3 {[%emt 0:00:01]} Bb7 {[%emt 0:00:04]
} 8. O-O {[%emt 0:00:02]} Nbd7 {[%emt 0:00:03]} 9. a3 {[%emt 0:00:01]} c5 {
[%emt 0:00:01]} 10. dxc5 {[%emt 0:00:02]} Nxc5 {[%emt 0:00:01]} 11. Bc2 { [%emt
0:00:01]} Be7 {[%emt 0:00:09]} 12. b4 {[%emt 0:00:03]} Nce4 {[%emt 0:00:01]}
13. Bb2 {[%emt 0:00:04]} O-O {[%emt 0:00:04]} 14. Nxe4 {[%emt 0:00:03]} Nxe4
{[%emt 0:00:00]} 15. Bb3 {[%emt 0:00:04]} Rc8 {[%emt 0:00:40]} 16. Rc1 { [%emt
0:00:05]} Rxc1 {[%emt 0:00:13]} 17. Qxc1 {[%emt 0:00:03]} Qa8 {[%emt 0:00:04]}
18. Qa1 {[%emt 0:00:15]} Bf6 {[%emt 0:00:03]} 19. Bxf6 {[%emt 0:00:13]} Nxf6
{[%emt 0:00:00]} 20. Qd1 {[%emt 0:00:21]} Rc8 {[%emt 0:00:30]} 21. Qe2 { [%emt
0:00:03]} Ne4 {[%emt 0:00:11]} 22. Nd4 {[%emt 0:00:24]} Nf6 {[%emt 0:00:07]}
23. f3 {[%emt 0:00:09]} Bd5 {[%emt 0:00:05]} 24. Qd3 {[%emt 0:00:25]} Bxb3
{[%emt 0:00:02]} 25. Nxb3 {[%emt 0:00:02]} Qd5 {[%emt 0:00:02]} 26. Qxd5 {
[%emt 0:00:03]} Nxd5 {[%emt 0:00:00]} 27. e4 {[%emt 0:00:09]} Ne3 {[%emt
0:00:26]} 28. Rb1 {[%emt 0:00:23]} Rc2 {[%emt 0:00:06]} 29. g3 {[%emt 0:00:02]}
g6 { [%emt 0:00:13]} 30. Nc5 {[%emt 0:00:07]} a5 {[%emt 0:00:09]} 31. Rb3
{[%emt 0:00:13]} Rg2+ {[%emt 0:00:19]} 32. Kh1 {[%emt 0:00:07]} Re2 {[%emt
0:00:01]} 33. Kg1 {[%emt 0:00:08]} a4 {[%emt 0:00:06]} 34. Rd3 {[%emt 0:00:04]}
Nc4 {[%emt 0:00:25]} 35. Nb7 {[%emt 0:00:24]} Ra2 {[%emt 0:00:07]} 36. Nd6
{[%emt 0:00:11]} Rxa3 {[%emt 0:00:06]} 37. Rxa3 {[%emt 0:00:05]} Nxa3 {[%emt
0:00:00]} 38. Kf2 { [%emt 0:00:01]} Nc2 {[%emt 0:00:28]} 39. Nxb5 {[%emt
0:00:03]} a3 {[%emt 0:00:01]} 40. Nc3 {[%emt 0:00:01]} Nxb4 {[%emt 0:00:02]}
0-1